| 000 | 00338nam a2200121Ia 4500 | ||
|---|---|---|---|
| 005 | 20251222144856.0 | ||
| 008 | 251222s9999||||xx |||||||||||||| ||spa|| | ||
| 082 | _a336.349.85/V24T | ||
| 100 | _aUgarteche, Oscar | ||
| 245 | 0 | _aTeoría y Práctica de la Deuda Externa en el Perú | |
| 264 | _b Instituto de Estudios Peruanos | ||
| 942 | _cLIB | ||
| 999 |
_c21788 _d21788 |
||